Statistics for Top 10 Countries with the Highest Life Expectancy in Asia

Click here to take the quiz!

General Stats

  • This quiz has been taken 892 times
  • The average score is 7 of 10

Answer Stats

YearsCountry% Correct
85.00Japan
98%
82.40South Korea
92%
85.00Singapore
85%
82.40Israel
75%
80.10Taiwan
75%
78.70Qatar
74%
78.90Bahrain
67%
78.00Kuwait
66%
77.60Lebanon
52%
78.70Cyprus
37%

Score Distribution

Percentile by Number Answered

Percent of People with Each Score

Your Score History

You have not taken this quiz